000 00630nam a2200205Ia 4500
999 _c43914
_d43914
003 GCL
005 20240530104001.0
008 140319s9999 xx 000 0 ara d
040 _aGCL /
_cGCL
082 0 4 _a180.09
_bج م
100 1 _aجماعة من الاساتذة السوفيات
245 1 0 _aموجز تاريخ الفلسفة /
_cجماعة من الاساتذة السوفيات
250 _aالاولى
260 _aبيروت :
_bدار الفارابى ،
_c1989
300 _a742 ص ؛
_c22 سم
650 0 4 _aتاريخ
650 0 4 _aالفلسفة
700 1 _aتوفيق سلوم
942 _2ddc
_cBK